00342nam a22001217a 4500003000400000005001700004008004100021020001500062050002500077082002300102245003800125260005700163OSt20140310182352.0130930t xxu||||| |||| 00| 0 eng d a0689715234 aPZ 7 b.M715Ve 1991 aGS 823 bM72v 1991 aVegetable soup /cJeanne Modesitt aNew York : bMacmillan Publishing Company, c1991.